00000000nam 2200000zi 4500
0019.947371
003CaOODSP
00520250124151216
006m     o  d f      
007cr mn|||||||||
008250124t19911992onca    ob   f000 0 eng d
020 |a0662198743 |q(print)
040 |aCaOODSP|beng|erda|cCaOODSP
043 |an-cn---
0861 |aZ1-1989/1-41-1E-PDF|zZ1-1989/1-41-1E
24500|aTransportation for people with disabilities : |ba policy review and analysis / |cHickling Corporation.
264 1|a[Ottawa] : |b[Royal Commission on National Passenger Transportation], |c1991.
264 4|c©1992
300 |a1 online resource (43, 9 pages) : |billustrations
336 |atext|btxt|2rdacontent
337 |acomputer|bc|2rdamedia
338 |aonline resource|bcr|2rdacarrier
500 |aIssued also in French under title: Le transport des personnes ayant une incapacité : examen de la politique.
500 |a"Report Prepared for the Research Division, Royal Commission on National Passenger Transportation."
500 |a"March 1991."
500 |a"RR-01."
500 |a"HICKLING REF.: 3927."
500 |aIncludes 2 title pages.
500 |aDigitized edition from print [produced by Government of Canada Publications Directorate].
504 |aIncludes bibliographical references.
650 0|aPeople with disabilities|xTransportation|zCanada.
650 0|aDiscrimination against people with disabilities|zCanada.
650 0|aPeople with disabilities|xGovernment policy|zCanada.
650 0|aTransportation and state|zCanada.
7101 |aCanada. |bRoyal Commission on National Passenger Transportation. |bResearch Division, |eissuing body.
7102 |aHickling Corporation, |econsultant.
77508|tLe transport des personnes ayant une incapacité : |w(CaOODSP)9.947372
7760#|tTransportation for people with disabilities: a policy review and analysis / |w(CaOODSP)9.608574
85640|qPDF|s3.86 MB|uhttps://publications.gc.ca/collections/collection_2025/bcp-pco/Z1-1989-1-41-1-eng.pdf